| 000 | 00362nam a2200157Ia 4500 | ||
|---|---|---|---|
| 003 | OSt | ||
| 005 | 20240311105855.0 | ||
| 008 | 170523s9999 xx 000 0 und d | ||
| 020 | _a978-0074633953 | ||
| 040 | _ciimtu meerut | ||
| 100 | _aTHAKUR- BURTON | ||
| 245 | 0 | _aINTERNATIONAL MANAGEMENT | |
| 260 | _bTATA MC GRAW HILL | ||
| 260 | _c2002 | ||
| 942 |
_2ddc _c02 |
||
| 999 |
_c1310 _d1310 |
||